Sports Quiz

Random Sports or WWE Quiz

WWE wrestler from song title Quiz Stats

 Plays Quiz not verified by Sporcle

Challenge
Share
Tweet
Embed
Score 0/29 Timer 05:00
0 Plays Today
Song Name Wrestler % Correct
VoicesRandy Orton
94.5%
Break The Walls DownChris Jericho
93.1%
The GameTriple H
91.4%
Sexy BoyShawn Michaels
88.9%
If You SmellThe Rock
86.9%
The Time Is NowJohn Cena
86.2%
Cult of PersonalityCM Punk
85.1%
No Chance In HellVince McMahon
82.2%
BooyakaRey Mysterio
81.4%
SOSKofi Kingston
78.3%
I Came To PlayThe Miz
77.4%
I Walk AloneBatista
76.2%
Break It DownDX
72.9%
Slow ChemicalKane
69.7%
MetalingusEdge
68.6%
Song Name Wrestler % Correct
Just Close Your EyesChristian
68%
PatriotJack Swagger
66.6%
One Of A KindRVD
66.2%
Came To Show The WorldDolph Ziggler
65.2%
RadioZack Ryder
64%
Written In My FaceSheamus
53.2%
Ain't No Make BelieveJohn Morrison
48.3%
I Won't Do What You Tell MeStone Cold Steve Austin
47.2%
DominationEzekiel Jackson
45.1%
Somebody Call My MommaBrodus Clay
42.8%
Broken DreamsDrew McIntyre
42.3%
WhateverChris Benoit
40.9%
RealezaAlberto del Rio
34.6%
Say It To My FaceAlex Riley
27.5%

You're not logged in!

Compare scores with friends on all Sporcle quizzes.
OR
Log In

You Might Also Like...

Show Comments

Extras

Top Quizzes Today


Score Distribution

Your Account Isn't Verified!

In order to create a playlist on Sporcle, you need to verify the email address you used during registration. Go to your Sporcle Settings to finish the process.

Report this User

Report this user for behavior that violates our Community Guidelines.

Details: